000 00529nam a2200181Ia 4500
003 GCL
008 140319s9999 xx 000 0 ara d
040 _aGCL /
_cGCL
082 0 4 _a157.7
_bف س
100 1 _aد0 فخرى الدباغ
245 1 0 _aالسلوك الانسانىالحقيقة والخيال /
_cد0 فخرى الدباغ
300 _a182 ص
490 _aكتاب العربى
_v0
650 0 4 _aعلم النفس
650 0 4 _aالتحليل النفسى
650 0 4 _aالاستدلال
942 _2ddc
_cBK
999 _c38156
_d38156